Statistics for Roblox Doors Monsters

Click here to take the quiz!

General Stats

  • This quiz has been taken 43 times
  • The average score is 11 of 15

Answer Stats

Answer% Correct
Rush
96%
Seek
96%
Ambush
91%
Figure
87%
Halt
87%
Screech
87%
Jack
83%
Hide
78%
Shadow
74%
Timothy
74%
Glitch
70%
Eyes
61%
Jeff
48%
Guiding Light
43%
Snare
43%

Score Distribution

Percentile by Number Answered

Percent of People with Each Score

Your Score History

You have not taken this quiz